Concelhos no Distrito de Lisboa - Statistics

General Stats
  • This quiz has been taken 77 times
  • The average score is 10 of 16
Answer Stats
Answer % Correct
Sintra
93%
Cascais
91%
Lisboa
91%
Oeiras
80%
Amadora
78%
Loures
74%
Mafra
72%
Odivelas
69%
Torres Vedras
65%
Vila Franca de Xira
59%
Arruda dos Vinhos
41%
Alenquer
31%
Azambuja
31%
Lourinhã
31%
Cadaval
30%
Sobral de Monte Agraço
24%
No matching quizzes found
Score Distribution
Percent of People with Each Score
Percentile by Number Answered
Your Score History
You have not taken this quiz